| 000 | 01424nam a2200229Ia 4500 | ||
|---|---|---|---|
| 999 |
_c55919 _d55919 |
||
| 001 | 23017 | ||
| 003 | GE_BSU | ||
| 005 | 20230626160513.0 | ||
| 008 | 181216s1956||||ge |||||||||||||| ||geo|| | ||
| 040 | _cGE_BSU | ||
| 041 | _ageo | ||
| 080 | _a821.353.1.09 ქ-27 | ||
| 245 |
_aქართული ლიტერატურული კრიტიკის ისტორიისათვის : ქრესტომათია. წ. 2. ნაკვ. 1 / _cშეადგინა და წინასიტყვაობა, შესავალი, შენიშვნები და საძიებელი დაურთო ს. ხუციშვილმა ; რედ. გ. ჯიბლაძე. |
||
| 264 |
_aთბილისი : _bსამეცნ.-მეთოდ. კაბინეტის გამ-ბა, _c1956. |
||
| 300 |
_a564 გვ. ; _c22 სმ. |
||
| 541 | _h1ლ. 50თ. | ||
| 653 | _aქართული ლიტერატურა | ||
| 653 | _aქართული ლიტერატურული კრიტიკის ისტორიისათვის : ქრესტომათია. წ. 2. ნაკვ. 1 | ||
| 700 |
_aჯიბლაძე, გ. _eრედაქტორი _918977 |
||
| 710 |
_aსაქართველოს სსრ განათლების სამინისტრო _918978 |
||
| 942 |
_cBK _2udc |
||